logo

Bir Sreshtho Munshi Abdur Rouf Library
Jhenaidah Cadet College

আধুনিক বিজ্ঞানে নারী / (Record no. 611)

MARC details
000 -LEADER
fixed length control field 00773nam a22002297a 4500
001 - CONTROL NUMBER
JCCL Control Number 611
003 - CONTROL NUMBER IDENTIFIER
JCCL marc code BD-JhCC
005 - DATE AND TIME OF LATEST TRANSACTION
control field 20171008095531.0
008 - FIXED-LENGTH DATA ELEMENTS--GENERAL INFORMATION
fixed length control field 171007s1369 bg |||| |||| 000 0 ben d
035 ## - SYSTEM CONTROL NUMBER
system control number (BD-JhCC)611
040 ## - CATALOGING SOURCE
Original cataloging agency BD-JhCC
Modifying agency BD-JhCC
041 ## - LANGUAGE CODE
Language code of Book ben
082 ## - DEWEY DECIMAL CLASSIFICATION NUMBER
Classification number 925
Author mark and Year YEU 1369
100 ## - MAIN ENTRY--PERSONAL NAME
Personal name ইয়স্ট, এডনা
245 ## - TITLE STATEMENT
Title আধুনিক বিজ্ঞানে নারী /
Statement of responsibility, etc এডনা ইয়স্ট এবং সিতারা হক অনু.
260 ## - PUBLICATION, DISTRIBUTION, ETC. (IMPRINT)
Place of publication, distribution, etc ঢাকা:
Name of publisher, distributor, etc স্টুডেন্ট ওয়েজ,
Date of publication, distribution, etc ১৩৬৯.
300 ## - PHYSICAL DESCRIPTION
Pagination ১৯৯ পৃ. :
Dimensions ১৭ সেমি.
650 ## - SUBJECT ADDED ENTRY--TOPICAL TERM
Topical term or geographic name as entry element Women Scientists
856 ## - ELECTRONIC LOCATION AND ACCESS
Materials specified হক, সিতারা
942 ## - ADDED ENTRY ELEMENTS (KOHA)
Source of classification or shelving scheme Dewey Decimal Classification
Koha item type Books
Holdings
Source of classification or shelving scheme Damaged status Not for loan Home library Current library Shelving location Date of accession Source of acquisition Cost, normal purchase price Total Checkouts Full call number Barcode Date last seen Copy number Koha item type
Dewey Decimal Classification     JCC Rouf Library JCC Rouf Library General Stacks 10/07/2017 Purchase 1.00   925 YEU 1369 1082 10/07/2017 C-1 Books

JCC Library | Contacts | JCC Home

Last Update on 23 September 2017
Copyright @ 2017-2020 JCC Rouf Library
Rouf Library, Jhenidah Cadet College (JCC), Bangladesh